<?xml version="1.0" encoding="UTF-8"?>
<record
    xmlns:xsi="http://www.w3.org/2001/XMLSchema-instance"
    xsi:schemaLocation="http://www.loc.gov/MARC21/slim http://www.loc.gov/standards/marcxml/schema/MARC21slim.xsd"
    xmlns="http://www.loc.gov/MARC21/slim">

  <leader>03843cam a2200325 i 4500</leader>
  <controlfield tag="001">21346854</controlfield>
  <controlfield tag="005">20230717120056.0</controlfield>
  <controlfield tag="008">191221s2020    onca     b    001 0 eng  </controlfield>
  <datafield tag="010" ind1=" " ind2=" ">
    <subfield code="a">  2019042423</subfield>
  </datafield>
  <datafield tag="020" ind1=" " ind2=" ">
    <subfield code="a">9781771888110</subfield>
  </datafield>
  <datafield tag="040" ind1=" " ind2=" ">
    <subfield code="a">LBSOR/DLC</subfield>
    <subfield code="b">eng</subfield>
    <subfield code="c">DLC</subfield>
    <subfield code="e">rda</subfield>
    <subfield code="d">DLC</subfield>
  </datafield>
  <datafield tag="042" ind1=" " ind2=" ">
    <subfield code="a">pcc</subfield>
  </datafield>
  <datafield tag="050" ind1="0" ind2="0">
    <subfield code="a">SD 387.E58 2020</subfield>
  </datafield>
  <datafield tag="082" ind1="0" ind2="0">
    <subfield code="a">333.75</subfield>
    <subfield code="2">23</subfield>
  </datafield>
  <datafield tag="245" ind1="0" ind2="0">
    <subfield code="a">Environmental and sustainable development through forestry and other resources /</subfield>
    <subfield code="c">edited by Arnab Banerjee, Manoj Kumar Jhariya, Dhiraj Kumar Yadav, Abhishek Raj.</subfield>
  </datafield>
  <datafield tag="300" ind1=" " ind2=" ">
    <subfield code="a">xxii, 400 pages :</subfield>
    <subfield code="b">illustrations (some color) ;</subfield>
    <subfield code="c">24 cm</subfield>
  </datafield>
  <datafield tag="504" ind1=" " ind2=" ">
    <subfield code="a">Includes bibliographical references and index.</subfield>
  </datafield>
  <datafield tag="505" ind1="0" ind2=" ">
    <subfield code="a">Forests for resource management and environmental protection / Abhishek Raj, M.K. Jhariya, D.K. Yadav, and A. Banerjee -- Agroforestry systems in the hills and their ecosystem services / Abhishek Raj, M.K. Jhariya, D.K. Yadav, and A. Banerjee -- Multifunctional role of legumes in agroforestry / Abhishek Raj, M.K. Jhariya, A. Banerjee, and D.K. Yadav -- Multifunctional pastures for livestock management and climate change mitigation / Abhishek Raj, M.K. Jhariya, D.K. Yadav, and A. Banerjee -- Role of higher plants for air pollution mitigation in urban industrial areas / Shiboram Banerjee and Debnath Palit -- The uses and benefits of sludge and ways to protect against its probable harmful effects / Nazir Hussain -- Contributions of pit lakes to the socioeconomic status : a case study of the Raniganj Coal Field Area / Debnath Palit and Anjan Ray Chaudhury -- Chlorine status and drinking water quality monitoring within a public distribution system of Kollam District / Anila George -- Effect of environmental pollution on health and its prevention : an overview / Pallavi Chattopadhyay, Pinaki Chattopadhyay, and Debnath Palit -- Innovative approach to sustainable development and biodiversity conservation / Pinaki Chattopadhyay, Pallavi Chattopadhyay, and Debnath Palit -- Prospects of biotechnology for a sustainable environment / Saikat Mondal and Debnath Palit -- Technological assessment of sewage treatment plants / Harshita Jain, Renu Dhupper, Vishal Gandhi, and Geetanjali Kaushik.</subfield>
  </datafield>
  <datafield tag="520" ind1=" " ind2=" ">
    <subfield code="a">"This book, Environmental and Sustainable Development Through Forestry and Other Resources, looks at using forestry and several other innovative measures to facilitate environmental sustainability. The volume covers an important selection of research that focuses on scientific applications and trends that aim toward enhancing sustainable development in the environment. Chapters discuss such diverse topics as using agroforestry for resource management, employing legumes in agroforestry, livestock management for climate change mitigation, introducing higher plants for air pollution mitigation in urban industrial areas, the uses and benefits of sludge, technological assessment of sewage treatment plants, and much more. This book will be a helpful and informative reference for the those in the disciplines of forestry, agriculture, ecology, and environmental science and will also be a pathway to addressing new concepts for a sustainable world"--</subfield>
  </datafield>
  <datafield tag="650" ind1=" " ind2="0">
    <subfield code="a">Sustainable forestry.</subfield>
  </datafield>
  <datafield tag="650" ind1=" " ind2="0">
    <subfield code="a">Sustainable development.</subfield>
  </datafield>
  <datafield tag="700" ind1="1" ind2=" ">
    <subfield code="a">Banerjee, Arnab</subfield>
    <subfield code="c">(Professor of environmental science),</subfield>
    <subfield code="e">editor.</subfield>
  </datafield>
  <datafield tag="700" ind1="1" ind2=" ">
    <subfield code="a">Jhariya, Manoj Kumar,</subfield>
    <subfield code="e">editor.</subfield>
  </datafield>
  <datafield tag="700" ind1="1" ind2=" ">
    <subfield code="a">Yadav, Dhiraj Kumar,</subfield>
    <subfield code="e">editor.</subfield>
  </datafield>
  <datafield tag="700" ind1="1" ind2=" ">
    <subfield code="a">Raj, Abhishek,</subfield>
    <subfield code="e">editor.</subfield>
  </datafield>
  <datafield tag="776" ind1="0" ind2="8">
    <subfield code="i">Online version:</subfield>
    <subfield code="t">Environmental and sustainable development through forestry and other resources.</subfield>
    <subfield code="d">Oakville, ON ; Palm Bay, Florida : Apple Academic Press, [2020]</subfield>
    <subfield code="z">9780429276026</subfield>
    <subfield code="w">(DLC)  2019042424</subfield>
  </datafield>
  <datafield tag="906" ind1=" " ind2=" ">
    <subfield code="a">7</subfield>
    <subfield code="b">cbc</subfield>
    <subfield code="c">orignew</subfield>
    <subfield code="d">1</subfield>
    <subfield code="e">ecip</subfield>
    <subfield code="f">20</subfield>
    <subfield code="g">y-gencatlg</subfield>
  </datafield>
  <datafield tag="942" ind1=" " ind2=" ">
    <subfield code="2">lcc</subfield>
    <subfield code="c">BOOKS</subfield>
    <subfield code="h">SD 387.E58 2020</subfield>
  </datafield>
  <datafield tag="999" ind1=" " ind2=" ">
    <subfield code="c">31688</subfield>
    <subfield code="d">31688</subfield>
  </datafield>
  <datafield tag="952" ind1=" " ind2=" ">
    <subfield code="0">0</subfield>
    <subfield code="1">0</subfield>
    <subfield code="2">lcc</subfield>
    <subfield code="4">0</subfield>
    <subfield code="7">0</subfield>
    <subfield code="a">MUC</subfield>
    <subfield code="b">MUC</subfield>
    <subfield code="c">GEN</subfield>
    <subfield code="d">2023-07-17</subfield>
    <subfield code="e">Donation (falcon)</subfield>
    <subfield code="l">1</subfield>
    <subfield code="o">SD 387.E58 2020</subfield>
    <subfield code="p">39478</subfield>
    <subfield code="r">2023-07-03</subfield>
    <subfield code="s">2023-12-05</subfield>
    <subfield code="w">2023-07-17</subfield>
    <subfield code="y">BOOKS</subfield>
  </datafield>
</record>
